[Event "GER-chT9 KI-31 Br01 email"]
[Site "GER email"]
[Date "2011.10.17"]
[Round "?"]
[White "Hunerfauth, Uwe"]
[Black "Lautenbach, Walter"]
[Result "1/2-1/2"]
[WhiteElo "1980"]
[BlackElo "1944"]
[PlyCount "67"]
[EventDate "2011.10.23"]
[EventType "tourn (corr)"]
[EventRounds "6"]
[EventCountry "GER"]
[SourceTitle "Corr 2015"]
[Source "ChessBase"]
[SourceDate "2015.07.17"]
[SourceVersion "1"]
[SourceVersionDate "2015.07.17"]
[SourceQuality "1"]

1. e4 c6 2. d4 d5 3. e5 Bf5 4. Nf3 e6 5. Be2 Ne7 6. 0-0 c5 7. c4 Nbc6 8. dxc5 d4 9. Bd3 Bxd3 10. Qxd3 Ng6 11. Qe4 Bxc5 12. Nbd2 0-0 13. Nb3 Qb6 14. h4 h6 15. h5 Nge7 16. Rd1 Rfd8 17. Rd3 Rd7 18. Nxc5 Qxc5 19. b3 Rad8 20. Bb2 Qa5 21. a3 b5 22. Rc1 bxc4 23. Rxc4 Rd5 24. Nxd4 Nxe5 25. Ra4 Qb6 26. Rb4 Qd6 27. Nb5 Qc5 28. Rxd5 Rxd5 29. Rd4 f6 30. a4 N7c6 31. Rxd5 exd5 32. Qf5 Qb4 33. Qe6+ Kh7 34. Qf5+ 1/2-1/2

[Event "GER-chT9 KI-31 Br01 email"]
[Site "GER email"]
[Date "2011.10.17"]
[Round "?"]
[White "Keskowski, Thilo"]
[Black "Hunerfauth, Uwe"]
[Result "1/2-1/2"]
[WhiteElo "2125"]
[BlackElo "1980"]
[PlyCount "81"]
[EventDate "2011.10.23"]
[EventType "tourn (corr)"]
[EventRounds "6"]
[EventCountry "GER"]
[SourceTitle "Corr 2015"]
[Source "ChessBase"]
[SourceDate "2015.07.17"]
[SourceVersion "1"]
[SourceVersionDate "2015.07.17"]
[SourceQuality "1"]

1. c4 Nf6 2. g3 e5 3. Bg2 c6 4. d4 Bb4+ 5. Bd2 Bxd2+ 6. Qxd2 d6 7. Nc3 0-0 8. e3 Qe7 9. Nge2 Na6 10. h3 Nc7 11. 0-0 Re8 12. g4 h6 13. Rac1 exd4 14. Nxd4 Be6 15. Rfd1 Rad8 16. Nce2 d5 17. Qa5 a6 18. Rd2 Rd7 19. Rcd1 Red8 20. c5 Ne4 21. Rc2 h5 22. f3 hxg4 23. hxg4 Ng5 24. a4 g6 25. Rd3 f5 26. f4 Ne4 27. g5 Bf7 28. Rb3 Ne6 29. Nxe6 Bxe6 30. Nd4 Re8 31. Bxe4 dxe4 32. Ra3 Qd8 33. Qxd8 Rdxd8 34. b4 Bd5 35. Ra1 Kf7 36. Rh2 Rh8 37. b5 Rxh2 38. Kxh2 axb5 39. axb5 cxb5 40. Nxb5 Bc6 41. Nd4 1/2-1/2